| 000 | 00374nam a2200145Ia 4500 | ||
|---|---|---|---|
| 005 | 20251222153610.0 | ||
| 008 | 251222s9999||||xx |||||||||||||| ||spa|| | ||
| 020 | _a8497511840 | ||
| 082 | _a610/N46/2006 | ||
| 100 | _aNet Castel, Àlvar | ||
| 245 | 0 | _aIntoxicaciones Agudas Graves | |
| 250 | _a1ra. ed. | ||
| 264 | _bGrupo Ars XXI de Comunicaciones, S.L. | ||
| 942 | _cLIB | ||
| 999 |
_c31571 _d31571 |
||